Normal view
MARC view
Entry Topical Term
001 - CONTROL NUMBER
- control field: 18561
003 - CONTROL NUMBER IDENTIFIER
- control field: dpl
005 - DATE AND TIME OF LATEST TRANSACTION
- control field: 20100906135243.0
008 - FIXED-LENGTH DATA ELEMENTS
- fixed length control field: 100906|||a|||||| | ||| d
040 ## - CATALOGING SOURCE
- Original cataloging agency: dpl
- Transcribing agency: dpl
150 ## - HEADING--TOPICAL TERM
- Topical term or geographic name as entry element: Classical Music
- General subdivision: Excerpts
- Geographic subdivision: India
670 ## - SOURCE DATA FOUND
- Source citation: Work cat.: (dpl): Mangeshkar, Lata 1184, Kangn :
670 ## - SOURCE DATA FOUND
- Source citation: Work cat.: (dpl): Mangeshkar, Lata 1184, Kangn :
